Obálka Náhled e-knihy:
PDF Epub
Pro půjčování e-knih musíte být přihlášeni.
Jak si půjčit online?

Star Wars : Thrawnova trilogie. Díl první, Dědic impéria /

Strhující příběh plný akce, dobrodružství a mystického tajemství plným právem patří do zlatého fondu románů Star Wars.

Uloženo v:
Série:Star Wars - Trilogie Thrawn, část 1
Hlavní autor: Zahn, Timothy, 1951- (Autor)
Další autoři: Pohl, Milan, 1982- (Autor)
Médium: E-kniha
Jazyk:Czech
Vydáno: V Praze : Egmont, 2021
Vydání:Čtvrté vydání, v Egmontu druhé
Témata:
Příbuzné jednotky:Z cyklu:: Star Wars - Trilogie Thrawn
Tagy:
Žádné tagy
LEADER 02904nam a2200553 i 4500
001 311461
003 CZ PrSKC
005 20260601215705.0
007 ta
008 211101s2021 xr c 000 f cze
015 |a cnb003368838 
020 |a 9788025249963  |q (brožováno) :  |c Kč 369,00 
035 |a (OCoLC)1288051913 
035 |a (OCoLC)1291383775 
040 |a ABG001  |b cze  |d ABA001  |e rda 
041 1 |a cze  |h eng 
072 7 |a 821.111(73)-3  |x Americká próza  |2 Konspekt 
072 7 |a 821-93  |x Literatura pro děti a mládež (beletrie)  |2 Konspekt 
080 |a 821.111(73)-31  |2 MRF 
080 |a 821-93  |2 MRF 
080 |a (0:82-311.9)  |2 MRF 
100 1 |a Zahn, Timothy,  |d 1951-  |7 jn20010310198  |4 aut 
240 1 0 |a Heir to the empire.  |l Česky  |7 aun2009547063 
245 1 0 |a Star Wars :  |b Thrawnova trilogie.  |n Díl první,  |p Dědic impéria /  |c Timothy Zahn ; z anglického originálu Heir to the empire přeložil Milan Pohl 
246 3 0 |a Dědic impéria 
246 3 0 |a Thrawnova trilogie 
250 |a Čtvrté vydání, v Egmontu druhé 
264 1 |a V Praze :  |b Egmont,  |c 2021 
300 |a 351 stran ;  |c 20 cm 
336 |a text  |b txt  |2 rdacontent 
337 |a bez média  |b n  |2 rdamedia 
338 |a svazek  |b nc  |2 rdacarrier 
500 |a Na obálce nad názvem: Legends 
520 2 |a Strhující příběh plný akce, dobrodružství a mystického tajemství plným právem patří do zlatého fondu románů Star Wars.  |b Od událostí popsaných v šesté epizodě filmových Star Wars uplynulo pět let: Aliance zničila novou Hvězdu smrti a porazila Dartha Vadera a císaře. Avšak tisíce světelných let daleko se velení nad zbytky imperiální flotily ujímá poslední z císařových nejvyšších velitelů velkoadmirál Thrawn, který je dokáže stmelit a připravit k válce vedené přímo proti křehkému srdci Nové republiky. Nakladatelská anotace. Kráceno. 
521 8 |a Pro čtenáře od 12 let 
655 7 |a americké romány  |7 fd131796  |2 czenas 
655 7 |a vědecko-fantastické romány  |7 fd133847  |2 czenas 
655 7 |a publikace pro mládež  |7 fd133157  |2 czenas 
655 9 |a American fiction  |2 eczenas 
655 9 |a science fiction novels  |2 eczenas 
655 9 |a juvenile literature  |2 eczenas 
700 1 |a Pohl, Milan,  |d 1982-  |7 xx0064353  |4 trl 
787 0 8 |i Z cyklu:  |t Star Wars - Trilogie Thrawn  |g 1 
900 |a ABA001  |b 21 
928 9 |a Albatros Media - Egmont 
044 |a xr 
910 |a RBIT002 
998 |d 339208  |a https://core.palmknihy.cz/api/books/339208/cover?seoosp  |b https://core.palmknihy.cz/api/books/339208/cover/400?seoosp  |c https://core.palmknihy.cz/api/books/339208/cover/50?seoosp  |e 2026-12-31  |g 360  |i 9788025249963  |j https://core.palmknihy.cz/api/books/339208/preview.epub  |k https://core.palmknihy.cz/api/books/339208/preview.pdf  |l   |q 49  |r 1  |s https://www.palmknihy.cz/kniha/339208  |t ebook  |y 2021  |z 0  |v Star Wars - Trilogie Thrawn  |w 1 
999 |d 311459